| 000 | 01369cam a2200349 a 4500 | ||
|---|---|---|---|
| 999 |
_c232944 _d232944 |
||
| 001 | 12357507 | ||
| 003 | Nust | ||
| 005 | 20170227103859.0 | ||
| 008 | 000411s2001 enk 000 1 eng | ||
| 010 | _a 2001339329 | ||
| 020 | _a9780099410645 | ||
| 035 | _a(UkLWHE)b000058482 | ||
| 040 |
_aDLC _cDLC _dDLC |
||
| 043 | _ae-ur-ru | ||
| 050 | 0 | 0 |
_aPR6060.A453 _bV3 2001 |
| 082 | 0 | 0 |
_a823.914 _bJAM |
| 100 | 1 |
_aJames, Donald, _d1931-2008. |
|
| 245 | 1 | 0 |
_aVadim / _cDonald James. |
| 260 |
_aLondon : _bCentury, _c2001. |
||
| 300 |
_a502 p. ; _c24 cm. |
||
| 650 | 0 |
_aVadim, Constantin (Fictitious character) _vFiction. |
|
| 650 | 0 |
_aPolice _zRussia (Federation) _zMoscow _vFiction. |
|
| 651 | 0 |
_aMoscow (Russia) _vFiction. |
|
| 655 | 7 |
_aMystery fiction. _2gsafd |
|
| 655 | 7 |
_aPolitical fiction. _2lcsh |
|
| 856 | 4 | 2 |
_3Contributor biographical information _uhttp://www.loc.gov/catdir/bios/random053/2001339329.html |
| 856 | 4 | 2 |
_3Publisher description _uhttp://www.loc.gov/catdir/description/random045/2001339329.html |
| 906 |
_a7 _bcbc _corigres _d3 _encip _f20 _gy-gencatlg |
||
| 942 |
_2ddc _cBK |
||